Random dependent territories to countries - Statistics

General Stats
  • This quiz has been taken 32 times
  • The average score is 18 of 20
Answer Stats
Territory Country % Correct
Cocos (Keeling) Islands Australia
100%
Heard Island and McDonald Islands Australia
100%
Norfolk Island Australia
100%
Christmas Island Australia
100%
Greenland Denmark
100%
Faroe Islands Denmark
100%
Åland Finland
100%
Saint Pierre and Miquelon France
100%
Saint Martin France
100%
Saint Barthélemy France
100%
Guadeloupe France
100%
Martinique France
100%
Guyane France
100%
La Réunion France
100%
New Caledonia France
100%
Wallis and Futuna France
100%
Clipperton Island France
100%
Aruba Netherlands
100%
Curaçao Netherlands
100%
Sint Maarten Netherlands
100%
Bonaire Netherlands
100%
Ross Dependency New Zealand
100%
Tokelau New Zealand
100%
Cook Islands New Zealand
100%
Niue New Zealand
100%
Svalbard Norway
100%
Bermuda United Kingdom
100%
Turks and Caicos Islands United Kingdom
100%
Cayman Islands United Kingdom
100%
Anguilla United Kingdom
100%
Montserrat United Kingdom
100%
Falkland Islands United Kingdom
100%
South Georgia United Kingdom
100%
Saint Helena United Kingdom
100%
South Sandwich Islands United Kingdom
100%
Tristan da Cunha United Kingdom
100%
Ascension United Kingdom
100%
Pitcairn Islands United Kingdom
100%
Gibraltar United Kingdom
100%
Isle of Man United Kingdom
100%
Bailiwick of Guernsey United Kingdom
100%
Bailiwick of Jersey United Kingdom
100%
Virgin Islands United Kingdom / United States
100%
Guam United States
100%
Northern Mariana Islands United States
100%
Puerto Rico United States
100%
American Samoa United States
100%
Baker Island United States
100%
Howland Island United States
100%
Jarvis Island United States
100%
Johnston Atoll United States
100%
Midway Atoll United States
100%
Wake Island United States
100%
Kerguelen Islands France
89%
Crozet Islands France
88%
Jan Mayen Norway
86%
Ashmore and Cartier Islands Australia
82%
Mayotte France
80%
Queen Maud Land Norway
80%
Coral Sea Islands Australia
75%
Saint Paul and Amsterdam Islands France
75%
Kingman Reef United States
75%
Sint Eustatius Netherlands
71%
Akrotiri and Dhekelia United Kingdom
71%
Saba Netherlands
70%
Peter I Island Norway
60%
Chagos Archipelago United Kingdom
60%
Navassa Island United States
60%
Bouvet Island Norway
56%
Scattered Islands in the Indian Ocean France
50%
Adélie Land France
43%
No matching quizzes found
Score Distribution
Percent of People with Each Score
Percentile by Number Answered
Your Score History
You have not taken this quiz